100 of the word "The" Speed Typing - Statistics

General Stats
  • This quiz has been taken 68 times
  • The average score is 6 of 10
Answer Stats
Hint Answer % Correct
10 Thes the the the the the the the the the the
100%
10 Thes the the the the the the the the the the
82%
10 Thes the the the the the the the the the the
79%
10 Thes the the the the the the the the the the
79%
10 Thes the the the the the the the the the the
63%
10 Thes the the the the the the the the the the
45%
10 Thes the the the the the the the the the the
37%
10 Thes the the the the the the the the the the
29%
10 Thes the the the the the the the the the the
21%
10 Thes the the the the the the the the the the
21%
No matching quizzes found
Score Distribution
Percent of People with Each Score
Percentile by Number Answered
Your Score History
You have not taken this quiz